000
00337nam a22001457a 4500
008
240207b ||||| |||| 00| 0 eng d
020
_a
9780803611283
041
_a
eng
080
_2
2006
_a
610.73
082
_a
610.73
100
_a
8
101
_a
INF
245
_a
NURSING CARE AT THE END OF LIFE
_c
JOYCE V.ZERWEKH
942
_2
udc
_c
BK
999
_c
60588
_d
60588